| 000 | 00528nam a2200193 4500 | ||
|---|---|---|---|
| 003 | SEACOMMC | ||
| 005 | 20231010053206.0 | ||
| 008 | 231010b |||||||| |||| 00| 0 eng d | ||
| 020 | _cRs. 495.00 | ||
| 040 | _aSEACOMMC | ||
| 082 |
_a621.388 _bTRU |
||
| 100 | 1 | _aTrundle, Eugene | |
| 245 | 1 |
_aNewnes Television and video Engineer's pocket book _cEugene Trundle |
|
| 250 | _a3rd ed. | ||
| 260 |
_aOxford _bNewnes _c2002 |
||
| 650 | _aEngineering | ||
| 650 | _aElectronics, communications engineering, Television, | ||
| 942 | _cBOOK | ||
| 999 |
_c38 _d38 |
||